Homo biologicus : comment la biologie explique la nature humaine /
Guardado en:
| Autor principal: | |
|---|---|
| Otros autores: | |
| Formato: | Libro |
| Idioma: | Francés |
| Publicado: |
París, Francia :
Albin Michel,
2019, c2019
|
| Temas: | |
| Etiquetas: |
Sin etiquetas, Sé el primero en etiquetar este registro!
|
MARC
| LEADER | 00000nam^a2200000^a^4500 | ||
|---|---|---|---|
| 001 | 000441059 | ||
| 005 | 20250521000000.0 | ||
| 009 | 20260310123352.519 | ||
| 020 | |a 978-2-226-40253-0 | ||
| 037 | |a Acervo Xavier Clavigero | ||
| 041 | |a FRA | ||
| 082 | |a 612. 8 |b PIA | ||
| 100 | |a Piazza, Pier Vincenzo |e (autor) | ||
| 245 | 1 | 0 | |a Homo biologicus : |b comment la biologie explique la nature humaine / |c P.V. Piazza ; colaboración de A. Jeanblanc. |
| 264 | 4 | |a París, Francia : |b Albin Michel, |c 2019, c2019 | |
| 300 | |a 428 p. | ||
| 336 | |a texto |b txt |2 rdacontenido | ||
| 337 | |a sin mediación |b n |2 rdamedio | ||
| 338 | |a volumen |b nc |2 rdasoporte | ||
| 521 | |a Peticiones 2022 | ||
| 649 | |a XX | ||
| 650 | |a Cerebro - |x Fisiología - |x Tema Principal | ||
| 650 | |a Hombre - |x Aspectos Físicos | ||
| 650 | |a Hombre - |x Influencia del Medio Natural | ||
| 650 | |a Hombre - |x Tema Principal | ||
| 650 | |a Evolución | ||
| 650 | |a Antropología | ||
| 650 | |a Neurobiología - |x Tema Principal | ||
| 650 | |a Biología | ||
| 700 | |a Jeanblanc, Anne |c (colaboración) | ||
| 910 | |a Fondo General | ||
| 920 | |a Impresos - Libros | ||
| 930 | |a Colección General | ||
| 905 | |a 101 | ||
| 901 | |a 0500366354 |b IT1 |c ACC |i C2238 |u 20250521 | ||
| 902 | |a https://opac.biblio.iteso.mx/vufind/Record/000441059 | ||